<?xml version="1.0" encoding="UTF-8"?>
<record
    xmlns:xsi="http://www.w3.org/2001/XMLSchema-instance"
    xsi:schemaLocation="http://www.loc.gov/MARC21/slim http://www.loc.gov/standards/marcxml/schema/MARC21slim.xsd"
    xmlns="http://www.loc.gov/MARC21/slim">

  <leader>01010nam a22001937a 4500</leader>
  <controlfield tag="003">BD-RjUL</controlfield>
  <controlfield tag="005">20260503141204.0</controlfield>
  <controlfield tag="008">260503s1954    pk ||||| |||| 00| 0 urd d</controlfield>
  <datafield tag="035" ind1=" " ind2=" ">
    <subfield code="a">(BD-RjUL)</subfield>
  </datafield>
  <datafield tag="040" ind1=" " ind2=" ">
    <subfield code="a">BD-RjUL</subfield>
    <subfield code="b">eng</subfield>
    <subfield code="c">BD-RjUL</subfield>
  </datafield>
  <datafield tag="041" ind1=" " ind2=" ">
    <subfield code="a">urd</subfield>
  </datafield>
  <datafield tag="082" ind1=" " ind2=" ">
    <subfield code="2">23</subfield>
    <subfield code="a">891.439054</subfield>
    <subfield code="b">AZM 1954</subfield>
  </datafield>
  <datafield tag="100" ind1=" " ind2=" ">
    <subfield code="a"> &#x639;&#x638;&#x64A;&#x645;&#x60C; &#x633;&#x64A;&#x651;&#x62F; &#x627;&#x642;&#x628;&#x627;&#x644;&#x60C;&#x200F;, , &#x2BB;A&#x1E93;&#x12B;m., Sayyid Iqb&#x101;l </subfield>
    <subfield code="d">1913-2000</subfield>
    <subfield code="9">18307</subfield>
  </datafield>
  <datafield tag="245" ind1=" " ind2=" ">
    <subfield code="a">&#x645;&#x634;&#x631;&#x642;&#x649; &#x628;&#x646;&#x6AF;&#x627;&#x644; &#x645;&#x64A;&#x6BA; &#x627;&#x631;&#x62F;&#x648; : &#x649;&#x639;&#x646;&#x649; &#x645;&#x634;&#x631;&#x642;&#x649; &#x67E;&#x627;&#x6A9;&#x633;&#x62A;&#x627;&#x646; &#x6A9;&#x6D2; &#x642;&#x62F;&#x649;&#x645; &#x648; &#x62C;&#x62F;&#x649;&#x62F; &#x62F;&#x648; &#x633;&#x648; &#x627;&#x643;&#x649;&#x633; &#x627;&#x647;&#x644; &#x642;&#x644;&#x645; &#x6A9;&#x627; &#x62A;&#x632;&#x6A9;&#x631;&#x647; &#x627;&#x648;&#x631; &#x649;&#x647;&#x627;&#x6BA; &#x6A9;&#x6D2; &#x644;&#x633;&#x627;&#x646;&#x649; &#x645;&#x633;&#x627;&#x626;&#x644; &#x6A9;&#x627; &#x633;&#x649;&#x631; &#x62D;&#x627;&#x635;&#x644; &#x62C;&#x627;&#x626;&#x632;&#x647; / Mashriq&#x12B; Bang&#x101;l men&#x332; Urd&#x16B; : ya&#x2BB;n&#x12B; Mashriq&#x12B; P&#x101;kist&#x101;n ke qad&#x12B;m va jad&#x12B;d d&#x16B; sav ikk&#x12B;s ahl-i qlam k&#x101; tazkarah a&#x16B;r yah&#x101;n&#x332; ke lis&#x101;n&#x12B; mas&#x101;&#x2BC;il k&#x101; sa&#x12B;r &#x1E25;&#x101;&#x1E63;il j&#x101;&#x2BC;izah  /</subfield>
    <subfield code="c"> &#x633;&#x64A;&#x62F; &#x627;&#x642;&#x628;&#x627;&#x644; &#x639;&#x638;&#x649;&#x645;.,, /  Sayyid Iqb&#x101;l &#x2BB;Az&#x324;&#x12B;m</subfield>
  </datafield>
  <datafield tag="260" ind1=" " ind2=" ">
    <subfield code="a">Dhaka : </subfield>
    <subfield code="c">1954</subfield>
  </datafield>
  <datafield tag="300" ind1=" " ind2=" ">
    <subfield code="a">476 p. ;</subfield>
    <subfield code="c">21 cm</subfield>
  </datafield>
  <datafield tag="650" ind1=" " ind2=" ">
    <subfield code="a">Urdu Literature </subfield>
    <subfield code="z">Bengal</subfield>
    <subfield code="9">18308</subfield>
  </datafield>
  <datafield tag="942" ind1=" " ind2=" ">
    <subfield code="2">ddc</subfield>
    <subfield code="c">BK</subfield>
  </datafield>
  <datafield tag="999" ind1=" " ind2=" ">
    <subfield code="c">86417</subfield>
    <subfield code="d">86417</subfield>
  </datafield>
  <datafield tag="952" ind1=" " ind2=" ">
    <subfield code="0">0</subfield>
    <subfield code="1">0</subfield>
    <subfield code="2">ddc</subfield>
    <subfield code="4">0</subfield>
    <subfield code="7">1</subfield>
    <subfield code="8">NFIC</subfield>
    <subfield code="a">RUCL</subfield>
    <subfield code="b">RUCL</subfield>
    <subfield code="c">Reading</subfield>
    <subfield code="d">1956-02-14</subfield>
    <subfield code="l">0</subfield>
    <subfield code="o">U 891.439054 AZM 1954</subfield>
    <subfield code="r">2026-05-03 14:10:10</subfield>
    <subfield code="t">C-1</subfield>
    <subfield code="w">2026-05-03</subfield>
    <subfield code="y">BK</subfield>
  </datafield>
</record>
